000 00880nam a22002057a 4500
999 _c20562
_d20562
003 AR-CdUCM
008 190531b ||||| |||| 00| 0 spa d
040 _aMUNICIPALIDAD PROVINCIAL DEL CUSCO
_cBIBLIOTECA MUNICIPAL DEL CUSCO
082 _a610 /
_bM58
100 _aMilliken, Maria Elizabeth
_942990
245 _aRelación humana con el paciente :
_bPsicología aplicada para el profesional sanitario /
260 _aArgentina :
_bTroquel,
_bCentro regional de ayuda técnica México / Buenos Aires
_c1970.
300 _a127 páginas ;
_c27 cm.
505 _aContenido : Obligaciones y responsabilidades de los profesionales sanitarios -- La filosofía del valor individual -- El esfuerzo por conocerse a sí mismo...
650 _aProfesional Sanitario
_942991
650 _aConducta humana
_937238
650 _aLa enfermedad
_942992
942 _2ddc
_cLIBROS
945 _aandy